Welcome to the Holygrace Academy Library

Please use search bar below to get started

NELL THE NAUGHTY KITTEN (Record no. 2064)

MARC details
000 -LEADER
fixed length control field 00396nam a22001577a 4500
020 ## - INTERNATIONAL STANDARD BOOK NUMBER
ISBN 0-330-37454-0
082 ## - DEWEY DECIMAL CLASSIFICATION NUMBER
Classification number 823
Item number DAL/N
100 ## - MAIN ENTRY--AUTHOR NAME
Personal name DALE, JENNY
245 ## - TITLE STATEMENT
Title NELL THE NAUGHTY KITTEN
Remainder of title SHORT STORY
246 ## - VARYING FORM OF TITLE
Title proper/short title NELL THE NAUGHTY KITTEN
Remainder of title SHORT STORY
260 ## - PUBLICATION, DISTRIBUTION, ETC. (IMPRINT)
Place of publication LONDON
Name of publisher MACMILLAN CHILDREN'S BOOKS
Year of publication 1999
300 ## - PHYSICAL DESCRIPTION
Number of Pages 63
520 ## - SUMMARY, ETC.
Summary, etc SHORT STORY
650 ## - SUBJECT ADDED ENTRY--TOPICAL TERM
Topical Term SHORT STORY
942 ## - ADDED ENTRY ELEMENTS (KOHA)
Koha item type Books
Holdings
Withdrawn status Lost status Collection code Home library Current library Shelving location Date acquired Source of acquisition Cost, normal purchase price Full call number Accession Number Koha item type
    Fiction Main Library Main Library SHELF 4-B ANIMAL ARK 14/03/2014 Purchase 307.00 823 DAL/N 07930 Books